| 000 | 00445pab a2200169 454500 | ||
|---|---|---|---|
| 008 | 180718b2011 xxu||||| |||| 00| 0 eng d | ||
| 100 | _aPal, Ansuri | ||
| 245 | _aIndian jute industry in the globalisation era: Structure and performance | ||
| 260 | _c2011 | ||
| 300 | _ap.93-100. | ||
| 362 | _a5 Mar | ||
| 650 | _aJute industry | ||
| 700 | _aChakraborti, Pinaki | ||
| 773 | _aEconomic and Political Weekly | ||
| 908 | _aN | ||
| 909 | _a90886 | ||
| 999 |
_c90886 _d90886 |
||